Statistics for British Cities and Towns by Picture - 2

Click here to take the quiz!

General Stats

  • This quiz has been taken 122 times
    (72 since last reset)
  • The average score is 7 of 20

Answer Stats

Answer% Correct
Manchester
78%
Cambridge
65%
Gateshead
58%
Ironbridge
55%
Southampton
53%
York
45%
Scarborough
40%
Chester
38%
Caernarfon
37%
Lincoln
37%
Southend-on-Sea
37%
Plymouth
28%
Lichfield
27%
Oban
25%
Nottingham
22%
Berwick-upon-Tweed
17%
Torquay
15%
Shrewsbury
12%
Stratford-upon-Avon
12%
Buxton
10%

Score Distribution

Percentile by Number Answered

Percent of People with Each Score

Your Score History

You have not taken this quiz since the last reset